Southville International School and Colleges
Your cart is empty.
  • Cart
  • Lists
    Public lists Eva Luna New books Lux_list list_1
    Your lists Log in to create your own lists
  • Log in to your account
  • Your cookies
  • Search history
Southville International School and Colleges
  • Advanced search
  • Recent comments
  • Most popular
  • Libraries

Log in to your account

Log in with GOOGLE


If you do not have an external account, but do have a local account, you can still log in:

  1. Home
  2. MARC view: Systems analysis and design /
Normal view MARC view ISBD view

Systems analysis and design / (Record no. 19804)

[ view plain ]
MARC details
000 -LEADER
fixed length control field 00614nam a2200217 a 4500
005 - DATE AND TIME OF LATEST TRANSACTION
control field 20140310183157.0
008 - FIXED-LENGTH DATA ELEMENTS--GENERAL INFORMATION
fixed length control field 021016s19uu xx 00 eng d
020 ## - INTERNATIONAL STANDARD BOOK NUMBER
International Standard Book Number 9814096830
050 ## - LIBRARY OF CONGRESS CALL NUMBER
Classification number QA 76.9.S88
Item number .K45 2002
100 ## - MAIN ENTRY--PERSONAL NAME
Personal name Kendall, Kenneth E.
245 ## - TITLE STATEMENT
Title Systems analysis and design /
Statement of responsibility, etc Kenneth E. Kendall.
250 ## - EDITION STATEMENT
Edition statement 5th ed.
260 ## - PUBLICATION, DISTRIBUTION, ETC. (IMPRINT)
Place of publication, distribution, etc Singapore :
Name of publisher, distributor, etc Pearson education,
Date of publication, distribution, etc 2002.
300 ## - PHYSICAL DESCRIPTION
Extent 885 p. :
Other physical details ill. ;
Dimensions 27 cm.
521 ## - TARGET AUDIENCE NOTE
Target audience note
650 ## - SUBJECT ADDED ENTRY--TOPICAL TERM
Topical term or geographic name as entry element System design
650 ## - SUBJECT ADDED ENTRY--TOPICAL TERM
Topical term or geographic name as entry element System analysis
650 ## - SUBJECT ADDED ENTRY--TOPICAL TERM
Topical term or geographic name as entry element System programming ( computer science )
942 ## - ADDED ENTRY ELEMENTS (KOHA)
Koha item type Books
Source of classification or shelving scheme Library of Congress Classification
Call number prefix Foreign
Holdings
Withdrawn status Lost status Source of classification or shelving scheme Damaged status Home library Current library Shelving location Date acquired Source of acquisition Cost, normal purchase price Total Checkouts Full call number Barcode Date last seen Copy number Price effective from Koha item type
    Library of Congress Classification   College Library College Library General Circulation Section 11/20/2010   595.00   QA 76.9.S88 .K45 2002 C1278 05/15/2018 1 10/10/2013 Books

Systems analysis and design /

APA

Kendall K. E., . (2002). Systems analysis and design. Singapore: Pearson education.

Chicago

Kendall Kenneth E, . 2002. Systems analysis and design. Singapore: Pearson education.

Harvard

Kendall K. E., . (2002). Systems analysis and design. Singapore: Pearson education.

MLA

Kendall Kenneth E, . Systems analysis and design. Singapore: Pearson education. 2002.

  • Place hold
  • Print
  • Cite
  • Add to your cart (remove)
  • Save record
    BIBTEX Dublin Core MARCXML MARC (non-Unicode/MARC-8) MARC (Unicode/UTF-8) MARC (Unicode/UTF-8, Standard) MODS (XML) RIS
  • More searches
    Search for this title in:
    Other Libraries (WorldCat) Other Databases (Google Scholar) Online Stores (Bookfinder.com) Open Library (openlibrary.org)

Exporting to Dublin Core...

SOUTHVILLE LIBRARY

Southville International School and Colleges Library

1281 Tropical Ave. Cor. Luxembourg St., BF Homes International, Las Pinas City

Tel. No. 8256374 / 252358 Loc. 117/146

Powered by Koha